El presente como historia: dos siglos de cambio y frustración en Chile
Guardat en:
| Autor principal: | |
|---|---|
| Format: | Llibre |
| Idioma: | espanyol |
| Publicat: |
Santiago, Chile
Catalonia
2011
|
| Col·lecció: | Dos Siglos. Colección Bicentenario de Chile
|
| Matèries: | |
| Etiquetes: |
Afegir etiqueta
Sense etiquetes, Sigues el primer a etiquetar aquest registre!
|
MARC
| LEADER | 00000cam a2200000 a 4500 | ||
|---|---|---|---|
| 001 | UCG8257 | ||
| 003 | CL-VaPUC | ||
| 005 | 20211019074357.0 | ||
| 008 | 111202e20110000CL |||||||||||||||||spa|d | ||
| 999 | |c 345877 |d 345875 | ||
| 020 | |a 9789563240924 | ||
| 040 | |c Pontificia Universidad Católica de Valparaíso | ||
| 082 | 0 | 4 | |a 983 SUN 2011 |2 21 |
| 100 | 0 | |a Sunkel Weil, Osvaldo |e author |9 559204 | |
| 245 | 1 | 3 | |a El presente como historia: |b dos siglos de cambio y frustración en Chile |
| 260 | |a Santiago, Chile |b Catalonia |c 2011 | ||
| 300 | |a 319 páginas | ||
| 490 | 0 | |a Dos Siglos. Colección Bicentenario de Chile | |
| 583 | |a last modification |c 20111206 08:37:11 |k Rodrigo Vera | ||
| 650 | 0 | |a Historia de Chile |9 265473 | |
| 650 | 0 | |a Desarrollo económico y social |z CHILE |9 256320 | |
| 650 | 0 | |a Desarrollo sustentable |z CHILE |9 333905 | |
| 650 | 0 | |a Historia política |z CHILE |9 256974 | |
| 852 | |a BIBCUR | ||
| 942 | |c BK |2 ddc | ||
| 945 | |d 20111202 00:00:00 |a cmena | ||
| 952 | |0 0 |1 0 |2 ddc |4 0 |6 983_000000000000000_SUN_2011 |7 0 |8 A |9 446247 |a BIBHIS |b BIBHIS |d 2019-11-22 |i 4808282 |o 983 SUN 2011 |p 4808282 |r 2025-01-20 |t 1 |w 2019-11-22 |y BK |k HIS | ||